Pokok² persoalan dibidang maritim dalam rangka koordinasi, (Record no. 89151)

MARC details
000 -LEADER
fixed length control field 00694cam a22002171 4500
001 - CONTROL NUMBER
control field sa 68019927
003 - CONTROL NUMBER IDENTIFIER
control field DLC
005 - DATE AND TIME OF LATEST TRANSACTION
control field 20260227112721.0
008 - FIXED-LENGTH DATA ELEMENTS--GENERAL INFORMATION
fixed length control field 750313s1968 xx 000 0 ind
010 ## - LIBRARY OF CONGRESS CONTROL NUMBER
LC control number sa 68019927
035 ## - SYSTEM CONTROL NUMBER
System control number (OCoLC)1214148
040 ## - CATALOGING SOURCE
Original cataloging agency DLC
Transcribing agency OAU
Modifying agency DLC
042 ## - AUTHENTICATION CODE
Authentication code premarc
050 00 - LIBRARY OF CONGRESS CALL NUMBER
Classification number HE563.I6
Item number A535
110 1# - MAIN ENTRY--CORPORATE NAME
Corporate name or jurisdiction name as entry element Indonesia.
Subordinate unit Departemen Maritim.
245 10 - TITLE STATEMENT
Title Pokok² persoalan dibidang maritim dalam rangka koordinasi,
Remainder of title rehabilitasi dan stabilisasi ekonomi daerah Kalimantan.
260 ## - PUBLICATION, DISTRIBUTION, ETC.
Place of publication, distribution, etc. [Djakarta,
Date of publication, distribution, etc. 1968]
300 ## - PHYSICAL DESCRIPTION
Extent [75] l.
Dimensions 34 cm.
650 #0 - SUBJECT ADDED ENTRY--TOPICAL TERM
Topical term or geographic name entry element Shipping
Geographic subdivision Indonesia
-- Kalimantan Tengah.
651 #0 - SUBJECT ADDED ENTRY--GEOGRAPHIC NAME
Geographic name Kalimantan Tengah (Indonesia)
General subdivision Economic conditions.

No items available.

Powered by Koha